| 000 | 00698cab a2200193 4500 | ||
|---|---|---|---|
| 001 | ABS49341 | ||
| 008 | 090401t1993 xxu||||| |||| 00| 0 eng d | ||
| 035 | _a(Sirsi) u70966 | ||
| 041 | _aeng | ||
| 245 | _aHoward`s Way | ||
| 260 | _c1993 | ||
| 350 | _a0 | ||
| 490 |
_aBuilding _v253(7811) 17 September 1993, 57(1) |
||
| 520 | _aA brief history of the Construction Industry Computing Association (CICA) approaching its 20th anniversary emphasising its role in promoting information technology within the construction industry. | ||
| 650 | _aCONSTRUCTION INDUSTRY COMPUTING ASSOCIATION | ||
| 690 | _aMANAGEMENT-BUSINESS MANAGEMENT-INFORMATION MANAGEMENT | ||
| 942 | _n0 | ||
| 948 | _c04/03/1997 | ||
| 999 |
_c44712 _d44712 |
||